000 00679nam a22002417a 4500
005 20220517092354.0
008 220517b ||||| |||| 00| 0 eng d
020 _a9780140230352
040 _cAL
041 _aEnglish
082 _223
_a530.01
_bCHAT
100 _aS Chandrasekhar
_937507
245 _aTruth and Beauty:Aesthetics and Motivations in Science
260 _aNew Delhi
_bPenguin Books India pvt Ltd
_c1992
300 _a170 p.
_bPB
_c20x13 cm.
365 _c
_d₹85.00
650 _aScience
_937508
650 _aAesthetics
_937509
650 _aPhysics
_937510
650 _aMotivation
_937511
700 _aCHANDRASEKHAR (S)
_937512
942 _2ddc
_cGF
999 _c222958
_d222958